| 000 | 01288nam0a22003011 4500 | ||
|---|---|---|---|
| 001 | rc\3048354 | ||
| 005 | 20250806202247.0 | ||
| 035 | _a(NLR Aleph) 007187993 | ||
| 090 |
_a45779 _c45779 |
||
| 100 | _a20111009d1941 u y0rusy50 ca | ||
| 101 | 0 | _arus | |
| 102 | _aRU | ||
| 105 | _aa z ||||| | ||
| 200 | 1 |
_aСборник тарифов на гужевые перевозки, правила применения их и рационального использования гужтранспорта по Краснодарскому краю _fСост. М.Я. Кельманович, С.Г. Рогоза, С.Я. Ковтун, Н.М. Корольков _gПод ред. П.В. Образцова, Б.А. Воронцова |
|
| 210 |
_aКраснодар _cКрайплан и Крайгужтрест _d1941 |
||
| 215 |
_a76 с. _cтабл. _d23 см |
||
| 700 | 1 |
_aКельманович _bМ.Я. |
|
| 701 | 1 |
_aРогоза _bС.Г. |
|
| 701 | 1 |
_aКовтун _bС.Я. |
|
| 702 | 1 |
_aОбразцов _bП.В. _4340 |
|
| 702 | 1 |
_aВоронцов _bБ.А. _4340 |
|
| 801 | 0 |
_aRU _bNLR _gpsbo |
|
| 801 | 1 |
_aRU _bELAR _2rusmarc |
|
| 852 |
_aNLR _jЭк60 Г-6/16 |
||
| 942 | _cBOOK | ||
| 945 | _aРоссийская национальная библиотека | ||
| 980 | _aNB | ||
| 980 | _aBV | ||